Statystyki dla Kultowy polski serial telewizyjny.

Kliknij tutaj aby rozwiązać quiz!

Ogólne statystyki

  • Ten quiz został rozwiązany 36 razy
  • Średni wynik to 3 z 6

Statystyki odpowiedzi

Odpowiedź% Poprawnych
M jak Miłość
91%
Klan
74%
Na wspólnej
65%
Rodzinka pl
47%
Świat według Kiepskich
41%
Złotopolscy
18%

Rozkład punktacji

Percentyl według liczby udzielonych odpowiedzi

Procent ludzi z każdym wynikiem

Twoja historia wyników

Nie rozwiązałeś tego quizu